Tourism & hoteliering (Record no. 516792)

000 -LEADER
fixed length control field 00238nam a22000977a 4500
082 ## - DEWEY DECIMAL CLASSIFICATION NUMBER
Classification number TNC
100 ## - MAIN ENTRY--PERSONAL NAME
Personal name Negi, J.M.S.
9 (RLIN) 23505
245 ## - TITLE STATEMENT
Title Tourism & hoteliering
Statement of responsibility, etc by J.M.S. Negi
260 ## - PUBLICATION, DISTRIBUTION, ETC. (IMPRINT)
Place of publication, distribution, etc New Delhi
Name of publisher, distributor, etc Gitanjali Pub.
Date of publication, distribution, etc 1982
300 ## - PHYSICAL DESCRIPTION
Extent 439p.
Holdings
Withdrawn status Lost status Source of classification or shelving scheme Damaged status Koha normalized classification for sorting Not for loan Permanent location Current location Date acquired Full call number Barcode Date last seen Price effective from Koha item type
        TNC   Indian Institute of Public Administration Indian Institute of Public Administration 2021-03-16 TNC GR23485 2021-03-16 2021-03-16 GR

Powered by Koha